000 00672nam a2200229 a 4500
999 _c2172
_d2172
001 2172
003 BD-JhCC
005 20190311134006.0
008 171030s2000 xxu |||| ||a| 000 0 ben d
020 _a98415550150
035 _a(BD-JhCC)2172
040 _aBD-JhCC
_dBD-JhCC
041 _aben
082 _a784.8
_bAMD 2000
100 _aআহমদ, ওয়াকিল
245 _aবাউল গান /
_cওয়াকিল আহমদ
260 _aঢাকা :
_bবাংলাদেশ শিল্পকলা একাডমী,
_c২০০০.
300 _a303 p. :
_c21 cm.
650 _aBauls
_xMusic
942 _2ddc
_cBK
_02